[Event "SUI-ch HT"]
[Site "Bern"]
[Date "2014.10.04"]
[Round "9"]
[White "Balzer, Lars"]
[Black "Kupper, Zeno"]
[Result "1/2-1/2"]
[WhiteElo "2107"]
[BlackElo "2183"]
[PlyCount "65"]
[EventDate "2014.09.27"]
[EventType "swiss"]
[EventRounds "9"]
[EventCountry "SUI"]
[SourceTitle "EXT 2016"]
[Source "ChessBase"]
[SourceDate "2015.10.08"]
[SourceVersion "1"]
[SourceVersionDate "2015.10.08"]
[SourceQuality "1"]

1. e4 e6 2. Nc3 d5 3. f4 dxe4 4. Nxe4 Nd7 5. Nf3 Ngf6 6. Nxf6+ Nxf6 7. g3 b6 8. Bg2 Bb7 9. b3 Be7 10. Bb2 0-0 11. 0-0 c5 12. Qe2 Qc7 13. Rae1 Rae8 14. Ne5 Bxg2 15. Kxg2 Nd7 16. Qg4 Nxe5 17. Bxe5 Qc6+ 18. Kg1 f6 19. Bc3 Bd8 20. Re2 b5 21. Rfe1 c4 22. h4 b4 23. Bd4 Bb6 24. Bxb6 Qxb6+ 25. Kh2 cxb3 26. axb3 e5 27. Qf3 Qd6 28. Qe4 h6 29. fxe5 Rxe5 30. Qc4+ Kh8 31. Rxe5 fxe5 32. Re2 a5 33. Kg2 1/2-1/2

[Event "SUI-ch HT"]
[Site "Bern"]
[Date "2014.09.27"]
[Round "1"]
[White "Kupper, Zeno"]
[Black "Bauer, Christian"]
[Result "0-1"]
[WhiteElo "2183"]
[BlackElo "2641"]
[PlyCount "46"]
[EventDate "2014.09.27"]
[EventType "swiss"]
[EventRounds "9"]
[EventCountry "SUI"]
[SourceTitle "EXT 2016"]
[Source "ChessBase"]
[SourceDate "2015.10.08"]
[SourceVersion "1"]
[SourceVersionDate "2015.10.08"]
[SourceQuality "1"]

1. f4 d5 2. Nf3 Bg4 3. e3 Nd7 4. h3 Bxf3 5. Qxf3 Ngf6 6. g4 c6 7. d4 e6 8. Bd3 h6 9. 0-0 Qc7 10. Bd2 g5 11. Nc3 h5 12. e4 hxg4 13. hxg4 dxe4 14. Nxe4 Nxe4 15. Bxe4 0-0-0 16. Rf2 gxf4 17. Bxf4 Bd6 18. Bxd6 Qxd6 19. c3 Rdg8 20. Rg2 f5 21. gxf5 exf5 22. Bxf5 Qh2+ 23. Kf1 Rxg2 0-1

[Event "SUI-ch op"]
[Site "Samnaun"]
[Date "2008.07.16"]
[Round "7"]
[White "Kupper, Zeno"]
[Black "Colmenares, Aurelio"]
[Result "0-1"]
[WhiteElo "2136"]
[BlackElo "2310"]
[PlyCount "54"]
[EventDate "2008.07.08"]
[EventType "tourn"]
[EventRounds "9"]
[EventCountry "SUI"]
[SourceTitle "CBM 125 Extra"]
[Source "ChessBase"]
[SourceDate "2008.09.01"]
[SourceVersion "1"]
[SourceVersionDate "2008.09.01"]
[SourceQuality "1"]

1. f4 d5 2. Nf3 Nf6 3. g3 g6 4. Bg2 Bg7 5. 0-0 0-0 6. d3 c5 7. Nc3 d4 8. Ne4 Nxe4 9. dxe4 Qb6 10. e5 Rd8 11. h3 Nc6 12. a3 a5 13. g4 Qc7 14. Qe1 f6 15. Nh4 Ra6 16. exf6 exf6 17. f5 g5 18. Nf3 Ne5 19. Qf2 Bf8 20. Rd1 h5 21. Nxe5 Qxe5 22. e3 Rad6 23. exd4 Rxd4 24. Rxd4 cxd4 25. Bd2 Bc5 26. Re1 d3 27. Be3 d2 0-1

[Event "SUI-ch op"]
[Site "Samnaun"]
[Date "2008.07.11"]
[Round "2"]
[White "Kupper, Zeno"]
[Black "Sher, Miron Naumovich"]
[Result "0-1"]
[WhiteElo "2136"]
[BlackElo "2412"]
[PlyCount "77"]
[EventDate "2008.07.08"]
[EventType "tourn"]
[EventRounds "9"]
[EventCountry "SUI"]
[SourceTitle "CBM 125 Extra"]
[Source "ChessBase"]
[SourceDate "2008.09.01"]
[SourceVersion "1"]
[SourceVersionDate "2008.09.01"]
[SourceQuality "1"]

1. f4 Nf6 2. Nf3 g6 3. g3 Bg7 4. Bg2 0-0 5. 0-0 d5 6. d3 a5 7. Nc3 d4 8. Ne4 Nd5 9. Rb1 Nc6 10. Bd2 f5 11. Neg5 h6 12. Nh3 a4 13. Qe1 Nf6 14. c3 dxc3 15. bxc3 Re8 16. Ne5 Nxe5 17. fxe5 Nd5 18. Nf4 Nxf4 19. gxf4 c6 20. Be3 Ra6 21. Qg3 Kh7 22. c4 Rg8 23. Kh1 Bf8 24. Bf3 e6 25. h4 Be7 26. Rg1 Rg7 27. Rg2 Qf8 28. Rbg1 Bd7 29. Qh2 b5 30. cxb5 cxb5 31. Rg3 b4 32. Qg2 Be8 33. Kh2 Ra5 34. h5 g5 35. fxg5 f4 36. Be4+ Kh8 37. Rf3 Rxg5 38. Qf2 Qg7 39. Bxf4 0-1

[Event "Zuerich op-A 31th"]
[Site "Zuerich"]
[Date "2007.12.29"]
[Round "6"]
[White "Milliet, Sophie"]
[Black "Kupper, Zeno"]
[Result "1-0"]
[WhiteElo "2395"]
[BlackElo "2102"]
[PlyCount "107"]
[EventDate "2007.12.26"]
[EventType "swiss"]
[EventRounds "7"]
[EventCountry "SUI"]
[SourceTitle "CBM 122 Extra"]
[Source "ChessBase"]
[SourceDate "2008.03.04"]
[SourceVersion "1"]
[SourceVersionDate "2008.03.04"]
[SourceQuality "1"]

1. e4 e6 2. d4 d5 3. e5 c5 4. c3 Qb6 5. Nf3 Nc6 6. a3 c4 7. Nbd2 Na5 8. Be2 Bd7 9. 0-0 Ne7 10. Re1 h6 11. Rb1 Qc7 12. h4 Nc8 13. Nf1 Nb6 14. Bf4 Ba4 15. Qd2 0-0-0 16. h5 Be7 17. N3h2 Bb3 18. Bg4 Ba2 19. Rbd1 Bb3 20. Ra1 Ba4 21. Rab1 Rdg8 22. Be3 Bd7 23. Qe2 Kb8 24. Qf3 Rf8 25. Qh3 Nc8 26. f4 Nc6 27. Ng3 Nd8 28. f5 exf5 29. Nxf5 Bxf5 30. Bxf5 Nb6 31. Rf1 Qc6 32. Rf2 f6 33. Bf4 Ka8 34. e6 Bd6 35. Re1 Re8 36. Bxd6 Qxd6 37. Rfe2 Nc6 38. Bg6 Re7 39. Nf3 Rc7 40. Bf7 Nc8 41. Qg4 Qf8 42. Qg3 Kb8 43. Nh4 N8e7 44. Re3 Kc8 45. Qg4 Kb8 46. Rg3 Rh7 47. Nf5 Nd8 48. Nxg7 Nxf7 49. exf7 Qxf7 50. Ne6 Rc6 51. Nd8 Qe8 52. Nxc6+ Qxc6 53. Rge3 Qc7 54. Rxe7 1-0

[Event "Bern Hotel op 1st"]
[Site "Bern"]
[Date "2006.12.26"]
[Round "6"]
[White "Domont, Alexandre"]
[Black "Kupper, Zeno"]
[Result "1-0"]
[WhiteElo "2391"]
[BlackElo "2101"]
[PlyCount "80"]
[EventDate "2006.12.26"]
[EventType "swiss"]
[EventRounds "7"]
[EventCountry "SUI"]
[SourceTitle "CBM 116 Extra"]
[Source "ChessBase"]
[SourceDate "2007.03.07"]
[SourceVersion "1"]
[SourceVersionDate "2007.03.07"]
[SourceQuality "1"]

1. e4 e6 2. d4 d5 3. e5 c5 4. c3 Qb6 5. Nf3 Nc6 6. Be2 Nh6 7. 0-0 cxd4 8. b4 dxc3 9. b5 Na5 10. Nxc3 Be7 11. Na4 Qd8 12. Bxh6 gxh6 13. Qd2 Bf8 14. Rac1 b6 15. Bd3 Bg7 16. Nb2 Bd7 17. Qc2 0-0 18. Bxh7+ Kh8 19. Bd3 f6 20. Qe2 Nb7 21. Nh4 fxe5 22. Ng6+ Kg8 23. Nxf8 Qxf8 24. Rfd1 Nc5 25. Bc2 Qf6 26. Na4 Bf8 27. f3 Bd6 28. Nxc5 bxc5 29. Bb3 Rb8 30. a4 Rb6 31. Kh1 c4 32. Bxc4 dxc4 33. Rxc4 Be8 34. Rc8 Kf7 35. a5 Bxb5 36. Qe4 Ra6 37. Qb7+ Be7 38. Qxb5 Rd6 39. Rxd6 Kg7 40. Rd7 h5 1-0

[Event "Zuerich op-A 28th"]
[Site "Zuerich"]
[Date "2004.12.??"]
[Round "4"]
[White "Moor, Roger"]
[Black "Kupper, Zeno"]
[Result "1-0"]
[WhiteElo "2385"]
[BlackElo "2204"]
[PlyCount "75"]
[EventDate "2004.12.26"]
[EventType "swiss"]
[EventRounds "9"]
[EventCountry "SUI"]
[SourceTitle "EXT 2006"]
[Source "ChessBase"]
[SourceDate "2005.11.24"]
[SourceVersion "1"]
[SourceVersionDate "2005.11.24"]
[SourceQuality "1"]

1. g3 Nf6 2. Bg2 g6 3. Nf3 Bg7 4. 0-0 0-0 5. c4 d6 6. Nc3 e5 7. b4 Nh5 8. Bb2 f5 9. d3 c6 10. b5 Be6 11. Nd2 Re8 12. Rb1 Nf6 13. Qa4 d5 14. bxc6 Nxc6 15. Ba3 Rb8 16. Nb5 Nd4 17. Nxd4 exd4 18. Bc5 b6 19. Bxd4 dxc4 20. Be5 Bd7 21. Qxc4+ Be6 22. Qa6 Rc8 23. Rfc1 Qd7 24. Bb7 Rxc1+ 25. Rxc1 Nd5 26. Bxg7 Qxg7 27. Qb5 Rd8 28. Qc6 Bf7 29. Nf3 f4 30. Ng5 fxg3 31. hxg3 Qh6 32. Nxf7 Kxf7 33. Rc4 Nf6 34. Rf4 Qg5 35. Qc7+ Ke8 36. Bc6+ Nd7 37. Qd6 Qe7 38. Re4 1-0